| 000 | 00476nam a22001937a 4500 | ||
|---|---|---|---|
| 003 | MPLRDC | ||
| 005 | 20220104144229.0 | ||
| 008 | 210129b ||||| |||| 00| 0 eng d | ||
| 020 | _a957-730-172-x | ||
| 082 | _a857.9 GL-149 v.2 | ||
| 100 | _a古龙 | ||
| 245 |
_a小李飞刀-阿飞(2) _c |
||
| 250 | _a初版 | ||
| 260 |
_a _b桂冠图书股份有限公司 _c1999 |
||
| 300 | _b平 | ||
| 490 | _a古龙作品 | ||
| 650 | _a武侠小说 | ||
| 942 |
_cBK _o857.9 GL-149 v.2 |
||
| 999 |
_c47636 _d47626 |
||